| 000 | 00983nam a22002897a 4500 | ||
|---|---|---|---|
| 001 | 7455 | ||
| 003 | FISKH | ||
| 005 | 20250716113652.0 | ||
| 008 | 250716b cb ||||| |||| 00| 0 eng d | ||
| 020 | _a9780471535737 | ||
| 040 |
_aFISKH _beng _cFISKH _dFISKH |
||
| 050 | _aQB46 .V36 | ||
| 082 | _a520 | ||
| 100 | _aVanCleave, Janice | ||
| 245 |
_aJanice VanCleave's astronomy for every kid : _b101 easy experiments that really work / _cBy Janice VanCleave |
||
| 260 |
_aSan Francisco : _bJossey-Bass , _c1991. |
||
| 300 |
_a229 pages : _billustrations ; _c23 cm . |
||
| 490 | _aJanice VanCleave's Science for Every Kid | ||
| 505 | _aZ | ||
| 520 | _aAn elementary science experiment book that provides young scientists with safe, workable astronomy projects. | ||
| 521 | 8 |
_a920
_bLexile |
|
| 521 | 8 |
_aZ
_bRaz-Plus |
|
| 650 |
_aAstronomy-Experiments _vJuvenile Literature |
||
| 700 |
_aClark, Barbara _eIllustrator |
||
| 942 |
_2ddc _cBK _n0 |
||
| 999 |
_c7455 _d7455 |
||